Hrvatski nacionalni parkovi - Statistics

General Stats
  • This quiz has been taken 909 times
  • The average score is 6 of 8
Answer Stats
Odgovor % Correct
6. Plitvička jezera
94%
3. Krka
84%
1. Brijuni
81%
2. Kornati
79%
4. Mljet
75%
7. Risnjak
75%
8. Sjeverni Velebit
73%
5. Paklenica
68%
No matching quizzes found
Score Distribution
Percent of People with Each Score
Percentile by Number Answered
Your Score History
You have not taken this quiz